[Event "CZE-ch U10"]
[Site "Kouty nad Desnou"]
[Date "2024.03.15"]
[Round "8"]
[White "Trejbal, Jindrich1"]
[Black "Lutskiy, Mikhail"]
[Result "1-0"]
[WhiteElo "1635"]
[BlackElo "1676"]
[PlyCount "179"]
[EventDate "2024.03.09"]
[EventType "swiss"]
[EventRounds "9"]
[EventCountry "CZE"]
[SourceTitle "CB12_2024"]
[SourceDate "2023.10.01"]
[SourceVersion "1"]
[SourceVersionDate "2023.10.01"]
[SourceQuality "1"]

1. e4 d6 2. d4 Nf6 3. Nc3 g6 4. Nf3 c6 5. Bf4 Bg7 6. Qd2 0-0 7. 0-0-0 b5 8. Bh6 a5 9. Bxg7 Kxg7 10. e5 Nfd7 11. Ng5 Nb6 12. Bd3 d5 13. h4 h5 14. Rdg1 Nc4 15. Bxc4 bxc4 16. f3 f6 17. exf6+ exf6 18. Nh3 Bxh3 19. Rxh3 f5 20. g4 fxg4 21. fxg4 Rh8 22. gxh5 Rxh5 23. Qg2 Qf6 24. Rg3 Rh6 25. h5 Ra6 26. Rxg6+ Rxg6 27. Qxg6+ Qxg6 28. Rxg6+ Kh7 29. Re6 Ra7 30. Na4 Rf7 31. Nc5 Nd7 32. Nxd7 Rxd7 33. Rxc6 Rf7 34. Rc5 Rf5 35. Rxa5 Rxh5 36. b3 c3 37. Kd1 Kg6 38. Rc5 Rh1+ 39. Ke2 Rh2+ 40. Ke3 Rxc2 41. Kd3 Rxa2 42. Kxc3 Kf5 43. Rxd5+ Ke4 44. Re5+ Kf4 45. Re8 Ra1 46. Kc4 Rc1+ 47. Kb5 Rd1 48. Rd8 Ke4 49. b4 Rc1 50. Ka6 Ra1+ 51. Kb6 Rb1 52. b5 Rc1 53. Kb7 Ra1 54. b6 Rb1 55. Ka7 Ra1+ 56. Kb8 Rb1 57. b7 Rc1 58. Ka7 Ra1+ 59. Kb6 Rb1+ 60. Kc7 Rc1+ 61. Kd7 Rb1 62. b8Q Rxb8 63. Rxb8 Kxd4 64. Rb5 Kc4 65. Rh5 Kd4 66. Ke6 Kc4 67. Kd6 Kb4 68. Kc6 Ka4 69. Kb6 Kb4 70. Rh4+ Kc3 71. Kb5 Kd3 72. Kc5 Ke3 73. Kd5 Kf3 74. Ke5 Kg3 75. Ra4 Kf3 76. Rb4 Kg3 77. Kf5 Kh3 78. Kg5 Kg3 79. Rb3+ Kf2 80. Kg4 Ke2 81. Kf4 Kd2 82. Ke4 Kc2 83. Rh3 Kb2 84. Kd4 Ka2 85. Rg3 Kb2 86. Kc4 Ka2 87. Rb3 Ka1 88. Kc3 Ka2 89. Kc2 Ka1 90. Ra3# 1-0

[Event "CZE-ch U10"]
[Site "Kouty nad Desnou"]
[Date "2024.03.14"]
[Round "7"]
[White "Lutskiy, Mikhail"]
[Black "Vydra, David"]
[Result "1/2-1/2"]
[WhiteElo "1676"]
[BlackElo "1583"]
[PlyCount "107"]
[EventDate "2024.03.09"]
[EventType "swiss"]
[EventRounds "9"]
[EventCountry "CZE"]
[SourceTitle "CB12_2024"]
[SourceDate "2023.10.01"]
[SourceVersion "1"]
[SourceVersionDate "2023.10.01"]
[SourceQuality "1"]

1. e4 c5 2. Nf3 d6 3. Bb5+ Nd7 4. 0-0 a6 5. Bd3 Ngf6 6. c3 e6 7. Re1 Be7 8. Bc2 0-0 9. d4 cxd4 10. cxd4 b5 11. Bf4 Bb7 12. a3 Rc8 13. Nc3 Nb6 14. Nd2 Qc7 15. Bg3 Rfd8 16. Rc1 Qd7 17. Qe2 Qe8 18. f4 a5 19. Qxb5 Qxb5 20. Nxb5 Ba6 21. Nc3 Rd7 22. Bb3 Nh5 23. Kf2 Bf6 24. Nf3 Rb7 25. Ba2 Nc4 26. Bxc4 Rxc4 27. Rc2 Bxd4+ 28. Nxd4 Rxd4 29. Ne2 Rc4 30. Rxc4 Bxc4 31. Rc1 d5 32. exd5 exd5 33. Rc2 h6 34. Nd4 a4 35. Kf3 Nxg3 36. Kxg3 Re7 37. Kf3 g6 38. Nc6 Re1 39. Ne5 Bb3 40. Rd2 Kg7 41. Nd3 Re8 42. Nc5 Rb8 43. g3 Rb5 44. Nxb3 Rxb3+ 45. Kg4 Kf6 46. Rxd5 Rxb2 47. Ra5 Rxh2 48. Rxa4 h5+ 49. Kf3 h4 50. gxh4 Rxh4 51. Ra7 Rh1 52. a4 Rf1+ 53. Ke3 Re1+ 54. Kf3 1/2-1/2

[Event "CZE-ch U10"]
[Site "Kouty nad Desnou"]
[Date "2024.03.09"]
[Round "1"]
[White "Lutskiy, Mikhail"]
[Black "Bartak, Tobias"]
[Result "1-0"]
[WhiteElo "1676"]
[BlackElo "1545"]
[PlyCount "95"]
[EventDate "2024.03.09"]
[EventType "swiss"]
[EventRounds "9"]
[EventCountry "CZE"]
[SourceTitle "CB12_2024"]
[SourceDate "2023.10.01"]
[SourceVersion "1"]
[SourceVersionDate "2023.10.01"]
[SourceQuality "1"]

1. e4 e5 2. Nf3 Nf6 3. Nc3 Bb4 4. Bc4 d6 5. d3 0-0 6. 0-0 h6 7. h3 Be6 8. Bb3 Nbd7 9. Be3 Nc5 10. a3 Nxb3 11. cxb3 Ba5 12. Nd2 c6 13. f4 Bb6 14. Bxb6 Qxb6+ 15. Kh1 Rfd8 16. Rb1 exf4 17. Rxf4 Qd4 18. Qe2 Qe5 19. Qf2 d5 20. d4 Qg5 21. e5 Nh7 22. Rf1 Rd7 23. b4 Rf8 24. Nb3 b6 25. b5 c5 26. dxc5 d4 27. Nxd4 Qxe5 28. Nxe6 Qxe6 29. c6 Re7 30. Re4 Qd6 31. Rxe7 Qxe7 32. Rd1 Ng5 33. Rd7 Qe6 34. Rxa7 Ne4 35. Nxe4 Qxe4 36. c7 Qe6 37. Rb7 Qc8 38. Qxb6 Qe8 39. Rb8 Qe1+ 40. Qg1 Qe6 41. Rxf8+ Kxf8 42. Qc5+ Qd6 43. Qxd6+ Kg8 44. c8Q+ Kh7 45. Qcf8 f6 46. Qf7 h5 47. Qdxf6 h4 48. Q6xg7# 1-0

[Event "CZE-ch U10"]
[Site "Teplice"]
[Date "2023.03.16"]
[Round "7"]
[White "Lutskiy, Mikhail"]
[Black "Kroulik, Stepan"]
[Result "1-0"]
[WhiteElo "1150"]
[BlackElo "1228"]
[PlyCount "65"]
[EventDate "2023.03.11"]
[EventType "swiss"]
[EventRounds "9"]
[EventCountry "CZE"]
[SourceTitle "CBM 213 Extra"]
[Source "ChessBase"]
[SourceDate "2023.05.31"]
[SourceVersion "1"]
[SourceVersionDate "2023.05.31"]
[SourceQuality "1"]

1. e4 c5 2. Nf3 Nc6 3. Bb5 d6 4. Bxc6+ bxc6 5. 0-0 Bg4 6. h3 Bh5 7. d3 e5 8. Be3 Rb8 9. b3 Nf6 10. Nbd2 Be7 11. Qc1 0-0 12. Nh2 h6 13. f4 exf4 14. Bxf4 Qd7 15. e5 Nd5 16. Bg3 Bg5 17. Nhf3 Be3+ 18. Kh1 Rbe8 19. exd6 Nc3 20. Qb2 Ne2 21. Bh2 Bxf3 22. Nxf3 f6 23. Rad1 Bd4 24. Nxd4 cxd4 25. Rde1 Nc3 26. Qa3 Rxe1 27. Rxe1 Re8 28. Re7 Rxe7 29. dxe7 Nb5 30. Qc5 Qe6 31. Qc4 Qf7 32. e8Q+ Kh7 33. Qcxf7 1-0

[Event "CZE-ch U10"]
[Site "Teplice"]
[Date "2023.03.13"]
[Round "3"]
[White "Fadrny, Jachym"]
[Black "Lutskiy, Mikhail"]
[Result "0-1"]
[WhiteElo "1279"]
[BlackElo "1150"]
[PlyCount "86"]
[EventDate "2023.03.11"]
[EventType "swiss"]
[EventRounds "9"]
[EventCountry "CZE"]
[SourceTitle "CBM 213 Extra"]
[Source "ChessBase"]
[SourceDate "2023.05.31"]
[SourceVersion "1"]
[SourceVersionDate "2023.05.31"]
[SourceQuality "1"]

1. d4 d5 2. c4 c6 3. Nf3 Nf6 4. Nc3 Bf5 5. Qb3 Qb6 6. c5 Qxb3 7. axb3 Na6 8. Na2 Nc7 9. e3 g6 10. b4 a6 11. Nc3 Bg7 12. b5 axb5 13. Ra3 0-0 14. Na2 Na6 15. Bd2 Nd7 16. Nh4 Bc2 17. Bd3 Bxd3 18. Rxd3 Naxc5 19. Ra3 Rxa3 20. bxa3 Nd3+ 21. Ke2 Nb2 22. Bb4 Re8 23. f4 e6 24. Nf3 Nc4 25. Nd2 Ndb6 26. Nb3 Nd7 27. Nac1 f6 28. Nd2 e5 29. Nxc4 dxc4 30. Kf3 exd4 31. exd4 f5 32. Ne2 Nb6 33. Bd6 Nd5 34. Be5 Bxe5 35. fxe5 Ra8 36. Ra1 Ra4 37. Nf4 b4 38. Nxd5 cxd5 39. Kf4 Rxa3 40. Re1 Kf7 41. h4 b3 42. e6+ Ke7 43. Ke5 Ra5 0-1